| 000 | 01275naa a22003257a 4500 | ||
|---|---|---|---|
| 001 | BR7806706 | ||
| 003 | BR-BrBNA | ||
| 005 | 20240918174246.0 | ||
| 007 | ta | ||
| 008 | 230509b bl.||||| |||| 00| 0 por d | ||
| 040 |
_aBR-BrBNA _bpor _cBiblioteca Nacional de Agricultura |
||
| 041 | _a(Es) | ||
| 072 |
_aF22; F27; F60 _b0210 |
||
| 090 | _aF22 BR7806706 | ||
| 100 | 1 | _aDominguez, J.E. | |
| 100 | 1 | _aLazbal, E. | |
| 111 | 1 |
_a2. Encontro Nacional de Pesquisa sobre Conservacao do Solo _cPasso Fundo, RS (Brazil) _d24 Apr 1978 |
|
| 245 | 1 | _aEvaluacion del efecto del manejo anterior del suelo sobre macroporosidad, densidad aparente y rendimento del cultivo de papa [batata, Solanum tuberosum, nutricao mineral] | |
| 260 | 3 |
_aPasso Fundo, RS (Brasil): _c1978. |
|
| 500 | _aAnais do 2. Encontro Nacional de Pesquisa sobre Conservacao do Solo Passo Fundo, RS (Brasil): 1978. p. 379-396 (BR7806706-AM)F22 | ||
| 650 | _aSOLO | ||
| 650 | _aANALISE FISICA | ||
| 650 | _aANALISE QUIMICA | ||
| 650 | _aBATATA | ||
| 650 | _aNUTRIENTE | ||
| 650 | _aABSORCAO | ||
| 773 | 0 |
_tAnais do 2. Encontro Nacional de Pesquisa sobre Conservacao do Solo _wF22 BR7806706 _gPasso Fundo, RS (Brasil), 1978. p. 379-396 |
|
| 909 |
_a202404 _bLucia _c55 _dLucia Elande |
||
| 942 |
_cAM _2AGRIS |
||
| 999 |
_c309935 _d309935 |
||